000 00537nam a2200145 a 4500
001 000030293
005 20200930060215.0
008 110509nuuuuuuuudr a 000 | spa d
040 _aDO-SdBNP
_bspa
_cBNPHU
110 1 _aRepública Dominicana.
_bSecretaría de Estado de Educación, Bellas Artes y Cultos.
_bDirección General de Educación Física Escolar
_956702
245 1 0 _aComo jugar mejor al baloncesto :
_bmanual de mini basket.
260 _aSanto Domingo :
_b[s.n.],
_c[19--?].
300 _a23 p. :
_bil. ;
_c27 cm.
049 _aBNPD
999 _c29785
_d29785